Southville International School and Colleges
Your cart is empty.
  • Cart
  • Lists
    Public lists list_1 View all
    Your lists Log in to create your own lists
  • Log in to your account
  • Your cookies
  • Search history
Southville International School and Colleges
  • Advanced search
  • Recent comments
  • Most popular
  • Libraries

Log in to your account

Log in with GOOGLE


If you do not have an external account, but do have a local account, you can still log in:

  1. Home
  2. MARC view: Management :
Normal view MARC view ISBD view

Management : (Record no. 118105)

[ view plain ]
MARC details
000 -LEADER
fixed length control field 00599nam a2200169Ia 4500
008 - FIXED-LENGTH DATA ELEMENTS--GENERAL INFORMATION
fixed length control field 140609s9999 xx 000 0 und d
020 ## - INTERNATIONAL STANDARD BOOK NUMBER
International Standard Book Number 9717070695
050 ## - LIBRARY OF CONGRESS CALL NUMBER
Classification number HD 31
Item number .Z94 1999
100 ## - MAIN ENTRY--PERSONAL NAME
Personal name Zulueta, Francisco M.
245 ## - TITLE STATEMENT
Title Management :
Remainder of title theories and practices /
Statement of responsibility, etc Francisco M. Zulueta, Greg Melchor Castro de Lara, Abriel M. Nebres
260 ## - PUBLICATION, DISTRIBUTION, ETC. (IMPRINT)
Place of publication, distribution, etc Quezon City, Philippines :
Name of publisher, distributor, etc Academic Publishing Corporation,
Date of publication, distribution, etc c1999.
300 ## - PHYSICAL DESCRIPTION
Extent 264 p. :
Other physical details ill. ;
Dimensions 23 cm.
500 ## - GENERAL NOTE
General note Includes bibliographical references, glossary and index.
521 ## - TARGET AUDIENCE NOTE
Target audience note
942 ## - ADDED ENTRY ELEMENTS (KOHA)
Call number prefix Local
Koha item type Books
Holdings
Withdrawn status Lost status Damaged status Home library Current library Shelving location Date acquired Cost, normal purchase price Total Checkouts Full call number Barcode Date last seen Date checked out Price effective from Koha item type
      College Library College Library Filipiniana Section 06/09/2014 230.00 1 HD 31 .Z94 1999 C18393 05/08/2018 02/02/2017 06/09/2014 Books

Management :

APA

Zulueta F. M., . (1999). Management. Quezon City, Philippines: Academic Publishing Corporation.

Chicago

Zulueta Francisco M, . 1999. Management. Quezon City, Philippines: Academic Publishing Corporation.

Harvard

Zulueta F. M., . (1999). Management. Quezon City, Philippines: Academic Publishing Corporation.

MLA

Zulueta Francisco M, . Management. Quezon City, Philippines: Academic Publishing Corporation. 1999.

  • Place hold
  • Print
  • Cite
  • Add to your cart (remove)
  • Save record
    BIBTEX Dublin Core MARCXML MARC (non-Unicode/MARC-8) MARC (Unicode/UTF-8) MARC (Unicode/UTF-8, Standard) MODS (XML) RIS
  • More searches
    Search for this title in:
    Other Libraries (WorldCat) Other Databases (Google Scholar) Online Stores (Bookfinder.com) Open Library (openlibrary.org)

Exporting to Dublin Core...

SOUTHVILLE LIBRARY

Southville International School and Colleges Library

1281 Tropical Ave. Cor. Luxembourg St., BF Homes International, Las Pinas City

Tel. No. 8256374 / 252358 Loc. 117/146

Powered by Koha